000 00363nam a2200157Ia 4500
003 OSt
005 20231211063909.0
008 170524s9999 xx 000 0 und d
020 _a81-7880-195-7
040 _ciimt
100 _aPruthi-R.K.
245 0 _aTourism industry and environmental management
260 _bRajat pub
260 _c1996
942 _2ddc
_c02
999 _c7406
_d7406